Rechazo sindical a la privatización

Enregistré dans:
Détails bibliographiques
Format: Texte
Sujets:
Tags: Ajouter un tag
Pas de tags, Soyez le premier à ajouter un tag!

MARC

LEADER 00000 a a2200000 04500
001 5873
003
040
245 |a Rechazo sindical a la privatización  
650 |a SINDICATOS  
650 |a PRIVATIZACION  
650 |a SERVICIOS PUBLICOS  
650 |a BUROCRACIA  
650 |a GOBIERNO  
650 |a EMPRESAS  
650 |a MEDIOS DE COMUNICACION  
773 |g volumen 15, número 632; páginas 12-13  
999 |c 39644  |d 39644